MARC

LEADER 00000nas a2200000 a 4500
001 ssj0004976
003 WaSeSS
005 20200512172242.0
006 m d
007 cr n
008 830922c19839999enkwr p s 0 a0eng c
010 |a  92650217   |z sn 90001818  
022 |l 0265-1548  |y 0265-1548 
032 |a 005306  |b USPS 
035 |a (WaSeSS)ssj0004976 
037 |b Music Week, Computer Posting Ltd., 120-126 Lovender Ave., Mitcham, Surrey CR4 3HP 
040 |a GSU  |b eng  |c GSU  |d NSD  |d NST  |d DLC  |d NST  |d DLC  |d OCLCQ  |d DLC  |d OCLCQ  |d OCLCF  |d OCLCO  |d GILDS  |d OCLCO  |d OCLCQ  |d RDF  |d WaSeSS 
042 |a nsdp  |a pcc 
050 0 0 |a ML3790  |b .M76 
082 0 0 |a 338.4/7780266/094105  |2 20 
130 0 |a Music week (London, England : 1983) 
210 0 |a Music week  |b (1983) 
222 0 |a Music week  |b (1983) 
245 1 0 |a Music week  |h [electronic resource]. 
260 |a London, England :  |b Music Week Ltd.,  |c 1983- 
310 |a Weekly 
362 0 |a Sept. 3, 1983- 
500 |a Title from caption. 
500 |a Volumes for <7 Apr. 1990-8 Aug. 1992> published by: Spotlight Publications. 
500 |a Some issues accompanied by a sound recording (sound disc : digital ; 4 3/4 in.). 
506 |a License restrictions may limit access. 
588 |a Latest issue consulted: 8 Aug. 1992. 
650 0 |a Music trade  |v Periodicals. 
650 0 |a Sound recording industry  |v Periodicals. 
650 7 |a Music trade.  |2 fast  |0 (OCoLC)fst01030641 
650 7 |a Sound recording industry.  |2 fast  |0 (OCoLC)fst01127019 
655 0 |a Electronic journals. 
776 1 |c Microfilm  |d New York Public Library  |w (DLC)sn 92014696  |w (OCoLC)26734092 
780 0 1 |t Music & video week  |x 0261-0817  |w (OCoLC)7143956 
780 0 5 |t Record mirror (London, England : 1990)  |g 13 Apr. 1991  |w (DLC) 92650216  |w (OCoLC)26716924 
850 |a DLC  |a GASU  |a NN 
856 4 0 |z Full text available from Research Library: 12/20/1997 to 08/18/2000  |u https://search.proquest.com/publication/33123 
856 4 0 |z Full text available from Research Library: 09/21/2003 to present  |u https://search.proquest.com/publication/33123